| 000 | 00945nam a2200241Ia 4500 | ||
|---|---|---|---|
| 001 | ebr5001065 | ||
| 003 | CaPaEBR | ||
| 006 | m u | ||
| 007 | cr cn||||||||| | ||
| 008 | 000808s2001 ilu s 000 0 eng d | ||
| 040 |
_aCaPaEBR _cCaPaEBR |
||
| 035 | _a(OCoLC)680633015 | ||
| 050 | 1 | 4 |
_aDU817 _b.S84 2001eb |
| 100 | 1 |
_aStevenson, Robert Louis, _d1850-1894. |
|
| 245 | 1 | 2 |
_aA footnote to history _h[electronic resource] / _cby Robert Louis Stevenson. |
| 260 |
_aChampaign, IL : _bProject Gutenberg, _c2001. |
||
| 300 | _a99 p. | ||
| 533 |
_aElectronic reproduction. _bPalo Alto, Calif. : _cebrary, _d2010. _nAvailable via World Wide Web. _nAccess may be limited to ebrary affiliated libraries. |
||
| 651 | 0 |
_aSamoan Islands _xHistory. |
|
| 655 | 7 |
_aElectronic books. _2local |
|
| 710 | 2 | _aebrary, Inc. | |
| 856 | 4 | 0 |
_uhttp://site.ebrary.com/lib/rucke/Doc?id=5001065 _zAn electronic book accessible through the World Wide Web; click to view |
| 999 |
_c3191 _d3191 |
||